| 000 | 00571nam a2200193 a 4500 | ||
|---|---|---|---|
| 005 | 20240925064657.0 | ||
| 008 | 991125s1975 mx 000 0 spa u | ||
| 035 | _aUPN01000008381 | ||
| 049 | _aCG | ||
| 050 | 4 |
_aJA84 M6 _bM6.2 |
|
| 100 | 1 |
_aMoreno, Daniel _937960 |
|
| 245 | 1 | 0 |
_aClásicos de la ciencia política / _cDaniel Moreno. |
| 260 |
_aMéxico : _bUNAM, Dirección General de Publicaciones, _c1975. |
||
| 300 | _a314 p. | ||
| 440 | 0 | _aTextos universitarios | |
| 650 | 4 |
_aCiencias políticas _96023 |
|
| 650 | 4 |
_aPoder (Ciencias sociales) _91203 |
|
| 905 | _aLibro | ||
| 999 |
_c8381 _d8381 |
||